Państwa leżące na kilku kontynentach (cz. trudniejsza) - Statystyki

Ogólne statystyki
  • Ten quiz został rozwiązany 273 razy
    206 od ostatniego zresetowania
  • Średni wynik to 11 z 18
Statystyki odpowiedzi
Państwo % Poprawnych
Rosja
97%
Turcja
93%
Francja
89%
Wielka Brytania
86%
Hiszpania
82%
Stany Zjednoczone
80%
Egipt
75%
Kazachstan
72%
Dania
69%
Portugalia
66%
Australia
60%
Holandia
60%
Panama
58%
Norwegia
49%
Grecja
33%
Chile
31%
Ukraina
24%
Jemen
14%
Nie znaleziono quizów pasujących do podanych kryteriów
Rozkład punktacji
Procent ludzi z każdym wynikiem
Percentyl według liczby udzielonych odpowiedzi
Twoja historia wyników
Nie rozwiązałeś tego quizu od ostatniego zresetowania